| 000 | 00396nam a2200169Ia 4500 | ||
|---|---|---|---|
| 008 | 210210b1992 xxu||||| |||| 00| 0 eng d | ||
| 020 | _a81 224 0123 6 | ||
| 082 | _a512.9434 VATT | ||
| 100 | _aVATSSA (B S). | ||
| 245 | _aTheory of matrices. Ed.2 | ||
| 250 | _a | ||
| 260 |
_aND _bWiley Eastern Ltd. _c1992 |
||
| 300 | _aix,274 | ||
| 650 | _aMatrices | ||
| 690 | _aAlgebra | ||
| 906 | _a051208 | ||
| 999 |
_c99997 _d99997 |
||